书目信息 |
| 题名: |
女人三十
|
|
| 作者: | 张晓梅 著 | |
| 分册: | ||
| 出版信息: | 广州 花城出版社 1997.12 |
|
| 页数: | 312页 | |
| 开本: | 32开 | |
| 丛书名: | ||
| 单 册: | ||
| 中图分类: | I247.5 | |
| 科图分类: | ||
| 主题词: | 小说--中国 | |
| 电子资源: | ||
| ISBN: | 7-5360-2645-5 | |
| 000 | 00524nam0 2200193 45 | |
| 001 | 0011071800 | |
| 005 | 20001107190046.8 | |
| 010 | @a7-5360-2645-5@d13.80元 | |
| 100 | @a20001107d1997 km y0chiy0120 ea | |
| 101 | 0 | @achi |
| 105 | @a z 000yy | |
| 200 | 1 | @a女人三十@ANu Ren San Shi@f张晓梅著@FZhang Xiao Mei Zhu |
| 210 | @a广州@c花城出版社@d1997.12 | |
| 215 | @a312页@d32开 | |
| 606 | 0 | @a小说@x中国 |
| 690 | @aI247.5@v3 | |
| 701 | 0 | @a张晓梅@4著 |
| 801 | @aCN@bPftUser@c20001107 | |
| 905 | @b211633-637@dI247.5@eZH516@f5 | |
| 女人三十/张晓梅著.-广州:花城出版社,1997.12 |
| 312页;32开 |
| ISBN 7-5360-2645-5:13.80元 |
| ● |
| 相关链接 |
|
|
|
正题名:女人三十
索取号:I247.5/ZH516
 
预约/预借
| 序号 | 登录号 | 条形码 | 馆藏地/架位号 | 状态 | 备注 |
| 1 | 211633 | 202116334 | 社科二线422/422社科库 4排1列3层/ [索取号:I247.5/ZH516] | 在馆 | |
| 2 | 211634 | 202116343 | 文学库108/108文学库 42排9列3层/ [索取号:I247.5/ZH516] | 在馆 | |
| 3 | 211635 | 202116352 | 文学库108/ [索取号:I247.5/ZH516] | 在馆 | |
| 4 | 211636 | 202116361 | 文学库108/ [索取号:I247.5/ZH516] | 在馆 | |
| 5 | 211637 | 202116370 | 文学库108/ [索取号:I247.5/ZH516] | 在馆 |